000 00514nam a2200181Ia 4500
005 20250326144131.0
008 250326s9999 xx 000 0 und d
037 _aTextbook
040 _aFMSL
_beng
_cFMSL
041 _aeng
_2eng
084 _aX(Y:433):75.44 K8
_qFMSL
100 _aDas N
245 0 _aUnemployment and employment planning
_cDas N
260 _aNew Delhi
_bNew Delhi, Orient Longmans
_c1968
300 _a100p
942 _cTB
_hX(Y:433):75.44 K8
999 _c1302490
_d1302490